000 00470nam a2200205Ia 4500
008 170918s9999 xx 000 0 und d
020 _a590108964
050 _bH513 1990
100 _aHenkes, Kevin
245 _aJulius :
245 _bthe baby of the world /
245 _cKevin Henkes.
260 _aNew York :
260 _bScholastic,
260 _c1990
300 _aunpaged :
300 _bcolored illustration ;
300 _c25cm.
500 _a460
999 _c341164
_d341164